| 000 | 01157nam a22002775a 4500 | ||
|---|---|---|---|
| 005 | 20160121145429.0 | ||
| 008 | 150705s2013 at a frb 001 0 eng d | ||
| 020 | _a9780415866231 (pbk) | ||
| 020 | _a9780415274616 (hbk) | ||
| 040 |
_aEG-ScBUE _beng _cEG-ScBUE _dEG-ScBUE |
||
| 082 | 0 | 4 |
_222 _a382.42282072 _bCRE |
| 100 | 1 |
_aCreÌmer, Jacques, _939136 _d1949- |
|
| 245 | 1 | 0 |
_aModels of the oil market / _cJacques Crémer and Djavad Salehi-Isfahani. |
| 260 |
_a[Canberra] : _bHarwood Academic Publishers ; _aOxon ; _aNew York : _bRoutledge / Taylor & Francis Group, _c2013. |
||
| 300 |
_aix, 106 p. : _bill. ; _c23 cm. |
||
| 490 | 0 |
_aHarwood fundamentals of pure and applied economics, _x0191-1708 ; _vv. 44. |
|
| 500 | _aIndex : p. 105-106. | ||
| 500 | _aTitle page: "A volume in the Natural Resources and Environmental Economics section edited by C. Henry". | ||
| 504 | _aBibliography : p. 98-103. | ||
| 650 | 7 |
_2BUEsh _aPetroleum industry and trade _xMathematical models. _939137 |
|
| 651 | _2BUEsh | ||
| 653 |
_bBUSADM _cJuly2015 _cJanuary2016 |
||
| 700 | 1 | _aSalehi-Isfahani, Djavad, | |
| 700 | 1 |
_aHenry, C., _eeditor. _97179 |
|
| 942 | _2ddc | ||
| 999 |
_c20171 _d20143 |
||